| 000 | 00465 a2200133 4500 | ||
|---|---|---|---|
| 001 | 91293 | ||
| 082 | _aPR 1195 | ||
| 090 |
_c43388 _d43387 |
||
| 100 | _aMian Tahir Aftab; Ashfaq Sheikh, M. and Naeem (dvisors) | ||
| 245 |
_aTo Simulate the K-8 Aircraft into the Barrier and study the effect of top cable of the Barrier hitting the rear portion of the canopy _n43 "A" EC |
||
| 260 |
_aKarachi _bNED University _c1995 |
||
| 300 | _a70p | ||
| 500 | _aBE Project Reports | ||
| 942 |
_aCAE NUST _kPR 1195 |
||
| 999 |
_c326366 _d326366 |
||